1432 1319 1106 1487 1822 1278 1080 1325 1830 1279 1044 1080 1623 1058 1234 1640 1671 1572 1061 1766 1277 1623 1064 1629 1487 1152 1348 1703 1240 1350 1022 1140 1950 1470 1773 1895 1279 1409 1465 1238 1946 1482 1624 1264 1946 1338 1606 1661 1192 1567 1367 1014 1979 1991 1461 1395 1620 1701 1061 1107 1581 1976 1924 1743 1768 1080 1771 1782 1519 1193 1000 1387 1465 1864 1054 1534 1416 1822 1145 1455 1874 1047 1631 1393 1601 1130 1174 1221 1605 1167 1055 1294 1210 1812 1681 1268 1803 1198 1144 BCNSPRNW ULIB Ver.6.0+V

เปลี่ยนเป็นภาษาไทย

Change to English
 แสดงรายละเอียดบรรณานุกรม
  กลับหน้าหลัก

Brief Record : Get Marc (ISO 2709) : E-mail record : QR code < ปิดหน้าต่าง
LEADER : 00000nam 2200000uu 4500
001    13399108436
003     ULIB
008    110303s2002||||th 000 0 eng d
020    9780781778398
060 04 WY160^bW355M 2002
100 1  Claire G. Waughfield
245 10 Mental health concepts /^cClaire G. Waughfield
250    5th ed.
260    New York:^bDelmar,^c2002
300    519 p.
650  2 Mental Disorders^xPrevention & Control^xNurses
650  2 Mental Disorders^xTherapy^xNurses instruction
650  2 Stress, Psychological^xPrevention & control
945    ^p2035^l0^i016163
995    ทศพร
999 ^a ใช้งานได้ทุกระบบ
รายการนี้ยังไม่มีแท็ก
คุณยังไม่ได้ล็อกอิน คุณสามารถมีกิจกรรมร่วมกับเว็บไซต์ได้ แต่ต้องล็อกอินก่อน ::
  ล็อกอิน

รายการสื่อสารสนเทศ

ลำดับที่ ประเภท เลขเรียก/บาร์โค้ด สถานที่ สถานะ
- ไม่พบข้อมูล -

BibComment


ยังไม่เคยถูกคอมเมนท์

คอมเมนท์ทรัพยากรรายการนี้
  คอมเมนท์: Mental health con..


 Copyright 2026. Bcnsprnw @Library